• 首页
  • 本馆介绍
  • 公告通知
  • 最新文献
  • 馆藏检索
  • 电子资源
  • 读者导购
  • 参考咨询
  • 我的图书馆
  • 登录
  • 详细信息显示
  • 放入我的书架
  • 预约/预借图书
  • 作者相关作品
  • 分类相关作品
  • 丛书相关作品
  • 出版社相关作品

书目信息

  • 表格格式
  • 工作单格式
  • 卡片格式
题名:
奥涅格夏日的田园,欢乐之歌
    
 
作者:
分册:  
出版信息:   光华出版社  
页数: 62页
开本: 20cm
丛书名:
单 册:
中图分类: J655.2
科图分类:
主题词: 外国音乐--作品 , 音乐--各国--作品
电子资源:
ISBN:
000 00522nam0 2200193 45
001 0312221749
005 20031222171155.5
010    @dCNY0.80
100    @a20031222d km y0chiy0120 ea
101    @achi
105    @a z 000yy
200 1  @a奥涅格夏日的田园,欢乐之歌@AAo Nie Ge Xia Ri De Tian Yuan,Huan Le Zhi Ge
210    @c光华出版社
215    @a62页@d20cm
606 0  @a外国音乐@x作品
606 0  @a音乐@y各国@x作品
690    @aJ655.2@v3
801    @aCN@bTSTCL@c20031222
905    @a213230@dJ655.2@e75@b74338-340@f3
    
    奥涅格夏日的田园,欢乐之歌.-光华出版社
    62页;20cm
    
    
    ISBN :CNY0.80
    
●
相关链接 在E读中查询图书 在五车中查询图书 在当当中查询图书 在豆瓣中查询图书


正题名:奥涅格夏日的田园,欢乐之歌     索取号:J655.2/75         预约/预借

序号 登录号 条形码 馆藏地/架位号 状态 备注
1 0074340   001690753   第一借阅区/ [索取号:J655.2/75] 在馆    
唐山师范学院图书馆 欢迎您!
大连网信软件有限公司© 版权所有